000 00736cam a22002657a 4500
003 CHAP
005 20220329135202.0
008 971013s1977 r 00010 d
010 _a32284
011 _a33256
035 _a37371
040 _cCHAP
090 _aFolleto 8482
100 0 0 _aMarx, Karl.
_972726
245 1 4 _aLas tres fuentes y las tres partes integrantes del marxismo
260 _aMoscĂș :
_bProgreso,
_c1977
300 _a56 p
590 _aBATCH-UPD
_b10
_c20130110
_lUCH01
_h1550
590 _aCONVERSION
_b10
_c20130109
_lUCH01
_h1318
650 1 4 _aMarxismo.
_972728
700 0 _aEngels, Friedrich.
_936962
901 _aBK
942 _cFOLL
949 _aFolleto 8482
_bBC
_cFOLL
_d-85630
_eTS1
_i37371
_si
_t500.00
999 _c32284
_d32284